[Event "Berlin Lichtenberger op 17th"]
[Site "Berlin"]
[Date "2018.08.21"]
[Round "4"]
[White "Namestnikov, Boris"]
[Black "Kutschke, Jens"]
[Result "1/2-1/2"]
[WhiteElo "1916"]
[BlackElo "1984"]
[PlyCount "60"]
[EventDate "2018.08.18"]
[EventType "swiss"]
[EventRounds "9"]
[EventCountry "GER"]
[SourceTitle "CBM 186 Extra"]
[Source "ChessBase"]
[SourceDate "2018.08.24"]
[SourceVersion "1"]
[SourceVersionDate "2018.08.24"]
[SourceQuality "1"]

1. e4 e6 2. d4 d5 3. Nd2 Nf6 4. e5 Nfd7 5. Bd3 c5 6. c3 Nc6 7. Ngf3 cxd4 8. cxd4 Qb6 9. 0-0 Nxd4 10. Nxd4 Qxd4 11. Nf3 Qb6 12. Qa4 Be7 13. Qg4 0-0 14. Bh6 g6 15. Bxf8 Bxf8 16. Qf4 Nc5 17. Ng5 Qc7 18. Rac1 Qd7 19. Bb5 Qe7 20. Rxc5 h6 21. Qxf7+ Qxf7 22. Nxf7 Bxc5 23. Nxh6+ Kg7 24. Ng4 a6 25. Bd3 Bd7 26. Rc1 Bb6 27. g3 Rf8 28. Kg2 Bc6 29. f4 a5 30. h4 a4 1/2-1/2

[Event "Berlin Lichtenberger op 17th"]
[Site "Berlin"]
[Date "2018.08.19"]
[Round "2"]
[White "Florstedt, Johannes"]
[Black "Kutschke, Jens"]
[Result "1-0"]
[WhiteElo "2306"]
[BlackElo "1984"]
[PlyCount "63"]
[EventDate "2018.08.18"]
[EventType "swiss"]
[EventRounds "9"]
[EventCountry "GER"]
[SourceTitle "CBM 186 Extra"]
[Source "ChessBase"]
[SourceDate "2018.08.24"]
[SourceVersion "1"]
[SourceVersionDate "2018.08.24"]
[SourceQuality "1"]

1. c4 Nf6 2. g3 g6 3. Bg2 d5 4. cxd5 Nxd5 5. Nc3 Nxc3 6. bxc3 Bg7 7. h4 h5 8. Rb1 c6 9. Nf3 0-0 10. 0-0 Qa5 11. Qb3 Nd7 12. d4 Nb6 13. Ng5 Qa4 14. Ba3 Qxb3 15. axb3 Re8 16. Ra1 f6 17. Ne4 Bf5 18. Nc5 Bc8 19. Nd3 a6 20. e4 Nd7 21. Rfd1 e5 22. Ra2 Nf8 23. Bd6 exd4 24. cxd4 f5 25. e5 Ne6 26. d5 cxd5 27. Bxd5 Kh7 28. Rc2 Nd4 29. Rc5 Ra7 30. Bf7 b6 31. Bxe8 bxc5 32. Bxc5 1-0

[Event "Berlin-ch QT"]
[Site "Berlin"]
[Date "2018.04.01"]
[Round "2"]
[White "Stein, Siegfried"]
[Black "Kutschke, Jens"]
[Result "1-0"]
[WhiteElo "1788"]
[BlackElo "1985"]
[PlyCount "73"]
[EventDate "2018.03.31"]
[EventType "swiss"]
[EventRounds "9"]
[EventCountry "GER"]
[SourceTitle "EXT 2020"]
[Source "ChessBase"]
[SourceDate "2019.10.17"]
[SourceVersion "1"]
[SourceVersionDate "2019.10.17"]
[SourceQuality "1"]

1. e4 e6 2. d4 d5 3. e5 c5 4. c3 Nc6 5. Nf3 Qb6 6. Bd3 cxd4 7. cxd4 Bd7 8. 0-0 Nxd4 9. Nxd4 Qxd4 10. Nc3 a6 11. Qe2 Ne7 12. Kh1 Nc6 13. Be3 Qxe5 14. f4 Qd6 15. Rad1 Be7 16. f5 e5 17. Bc4 d4 18. Ne4 Qc7 19. Bxf7+ Kd8 20. Bg5 Bxg5 21. Nxg5 Kc8 22. Rc1 Kb8 23. Be6 h6 24. Qh5 Ka7 25. Ne4 Rhf8 26. Nc5 Be8 27. Qe2 Rd8 28. Bc4 Qb6 29. Ne6 Bd7 30. Nxd8 Qxd8 31. Bd3 Qe7 32. a3 Qd6 33. b4 Ne7 34. Be4 Nd5 35. Bxd5 Qxd5 36. Rc5 Bb5 37. Qxb5 1-0

[Event "Berlin Eckbauer op 20th"]
[Site "Berlin"]
[Date "2017.11.06"]
[Round "4"]
[White "Kutschke, Jens"]
[Black "Hecht, Uwe"]
[Result "1/2-1/2"]
[WhiteElo "1985"]
[BlackElo "1767"]
[PlyCount "33"]
[EventDate "2017.10.09"]
[EventType "swiss"]
[EventRounds "7"]
[EventCountry "GER"]
[SourceTitle "CBM 189 Extra"]
[Source "ChessBase"]
[SourceDate "2019.06.03"]
[SourceVersion "1"]
[SourceVersionDate "2019.06.03"]
[SourceQuality "1"]

1. e4 e5 2. Nf3 Nf6 3. Nc3 Bb4 4. Bc4 Nc6 5. 0-0 0-0 6. d3 Bxc3 7. bxc3 d5 8. exd5 Nxd5 9. Qe1 Re8 10. Bd2 Bg4 11. Qe4 Nf6 12. Qe3 Na5 13. Bb3 Nxb3 14. axb3 e4 15. Ne1 Nd5 16. Qg3 Be2 17. dxe4 1/2-1/2

[Event "Berlin Eckbauer op 20th"]
[Site "Berlin"]
[Date "2017.10.23"]
[Round "3"]
[White "Krefenstein, Sergej"]
[Black "Kutschke, Jens"]
[Result "1-0"]
[WhiteElo "2172"]
[BlackElo "1985"]
[PlyCount "51"]
[EventDate "2017.10.09"]
[EventType "swiss"]
[EventRounds "7"]
[EventCountry "GER"]
[SourceTitle "CBM 189 Extra"]
[Source "ChessBase"]
[SourceDate "2019.06.03"]
[SourceVersion "1"]
[SourceVersionDate "2019.06.03"]
[SourceQuality "1"]

1. d4 f5 2. c4 Nf6 3. Nc3 g6 4. Bf4 Bg7 5. h3 d6 6. e3 0-0 7. Nf3 Qe8 8. Be2 c6 9. 0-0 Nbd7 10. d5 Nc5 11. Rc1 Nce4 12. Nxe4 Nxe4 13. Qc2 Bd7 14. Rfd1 h6 15. Nd4 a6 16. Bf3 c5 17. Ne6 Bxe6 18. dxe6 g5 19. Bh2 Qg6 20. g4 h5 21. gxf5 Qxf5 22. Bxe4 Qxh3 23. Bg2 Qg4 24. Rd2 h4 25. Qe4 Qh5 26. Bh3 1-0

[Event "Berlin Eckbauer op 20th"]
[Site "Berlin"]
[Date "2017.10.09"]
[Round "1"]
[White "Guenther, Rolf"]
[Black "Kutschke, Jens"]
[Result "0-1"]
[WhiteElo "1610"]
[BlackElo "1985"]
[PlyCount "135"]
[EventDate "2017.10.09"]
[EventType "swiss"]
[EventRounds "7"]
[EventCountry "GER"]
[SourceTitle "CBM 189 Extra"]
[Source "ChessBase"]
[SourceDate "2019.06.03"]
[SourceVersion "1"]
[SourceVersionDate "2019.06.03"]
[SourceQuality "1"]

1. e4 e6 2. d4 d5 3. Nd2 Nf6 4. e5 Nfd7 5. Ngf3 c5 6. c3 Nc6 7. Nb3 cxd4 8. cxd4 Qb6 9. Bd2 f6 10. exf6 Nxf6 11. Bc3 Bd6 12. Be2 0-0 13. 0-0 Ne4 14. Bd3 g6 15. Qe2 Nxc3 16. bxc3 Qc7 17. Rae1 Qg7 18. Ne5 Nxe5 19. dxe5 Bc7 20. Nd2 Bd7 21. Nf3 Ba5 22. Rc1 Rac8 23. c4 Bc6 24. Nd4 Qe7 25. Nxc6 bxc6 26. Qg4 Kg7 27. h4 Qf7 28. h5 Rce8 29. Rc2 Qf4 30. Qxf4 Rxf4 31. hxg6 hxg6 32. cxd5 cxd5 33. g3 Rd4 34. Bb5 Re7 35. Kg2 g5 36. f4 gxf4 37. gxf4 Bd2 38. f5 exf5 39. Rxf5 Bf4 40. Re2 Kg6 41. Rf8 Rxe5 42. Rc2 Rd2+ 43. Rxd2 Bxd2 44. Rd8 Bc3 45. a4 a5 46. Kf3 d4 47. Kf4 Re6 48. Rd7 Kf6 49. Rd8 Bd2+ 50. Kf3 Re3+ 51. Kg4 Bc3 52. Rf8+ Kg7 53. Rd8 Kf7 54. Kf4 Rh3 55. Kg4 Rh1 56. Kf4 Ke7 57. Rd7+ Ke6 58. Ke4 Rh4+ 59. Kf3 Bb4 60. Rd8 Bd6 61. Ke2 Kd5 62. Bd3 Rh2+ 63. Kf3 Rh3+ 64. Ke2 Re3+ 65. Kd2 Re7 66. Kc2 Rc7+ 67. Kd2 Kc5 68. Kc2 0-1

[Event "Berlin Lieb Memorial 3rd"]
[Site "Berlin"]
[Date "2017.06.02"]
[Round "3"]
[White "Kutschke, Jens"]
[Black "Doering, Martin"]
[Result "1-0"]
[WhiteElo "1977"]
[BlackElo "1758"]
[PlyCount "63"]
[EventDate "2017.05.11"]
[EventType "swiss"]
[EventRounds "7"]
[EventCountry "GER"]
[SourceTitle "CBM 189 Extra"]
[Source "ChessBase"]
[SourceDate "2019.06.03"]
[SourceVersion "1"]
[SourceVersionDate "2019.06.03"]
[SourceQuality "1"]

1. e4 c5 2. Nf3 d6 3. d4 cxd4 4. Nxd4 Nf6 5. Nc3 a6 6. f3 e5 7. Nb3 Be7 8. Be3 Be6 9. Nd5 Nxd5 10. exd5 Bf5 11. g4 Bh4+ 12. Bf2 Bxf2+ 13. Kxf2 Qh4+ 14. Kg2 Bg6 15. Bd3 Nd7 16. Qe1 Qxe1 17. Rhxe1 Bxd3 18. cxd3 Rc8 19. Rac1 Ke7 20. d4 f6 21. dxe5 fxe5 22. f4 Nb6 23. fxe5 Nxd5 24. Rcd1 Nf4+ 25. Kg3 Ne6 26. Rxd6 Rhd8 27. Red1 Rxd6 28. Rxd6 Rc2 29. Rxe6+ Kf7 30. Rb6 Rxb2 31. Rxb7+ Ke6 32. Nc5+ 1-0

[Event "Berlin Lichtenberger op 15th"]
[Site "Berlin"]
[Date "2016.08.13"]
[Round "1"]
[White "Koerber, Bernhard"]
[Black "Kutschke, Jens"]
[Result "0-1"]
[WhiteElo "1567"]
[BlackElo "2002"]
[PlyCount "30"]
[EventDate "2016.08.13"]
[EventType "swiss"]
[EventRounds "9"]
[EventCountry "GER"]
[SourceTitle "CBM 173 Extra"]
[Source "ChessBase"]
[SourceDate "2016.08.29"]
[SourceVersion "1"]
[SourceVersionDate "2016.08.29"]
[SourceQuality "1"]

1. e4 e6 2. d4 d5 3. Nc3 Bb4 4. e5 c5 5. a3 Bxc3+ 6. bxc3 Qc7 7. Bd2 Nc6 8. Nf3 Nge7 9. Bd3 Bd7 10. 0-0 c4 11. Be2 0-0-0 12. a4 f6 13. Bf4 Ng6 14. Bg3 f5 15. Ng5 f4 0-1

[Event "Berlin Kreuzberg op"]
[Site "Berlin"]
[Date "2016.07.24"]
[Round "9"]
[White "Bjarnehag, Peter"]
[Black "Kutschke, Jens"]
[Result "1-0"]
[WhiteElo "2111"]
[BlackElo "2002"]
[PlyCount "51"]
[EventDate "2016.07.16"]
[EventType "swiss"]
[EventRounds "9"]
[EventCountry "GER"]
[SourceTitle "CBM 173 Extra"]
[Source "ChessBase"]
[SourceDate "2016.08.29"]
[SourceVersion "1"]
[SourceVersionDate "2016.08.29"]
[SourceQuality "1"]

1. Nf3 Nf6 2. c4 g6 3. Nc3 d5 4. cxd5 Nxd5 5. Qa4+ Bd7 6. Qb3 Nb6 7. d4 Be6 8. Qd1 Bg7 9. e4 0-0 10. Be3 f5 11. Ng5 Qc8 12. g3 fxe4 13. Bg2 c5 14. dxc5 Nc4 15. 0-0 Nxb2 16. Qc2 Nc4 17. Bxe4 Nxe3 18. fxe3 Rxf1+ 19. Rxf1 Bc4 20. Bd5+ Bxd5 21. Nxd5 Nc6 22. Nxe7+ Nxe7 23. Qb3+ Kh8 24. Nf7+ Kg8 25. Nd6+ Kh8 26. Nxc8 1-0

[Event "Berlin Kreuzberg op"]
[Site "Berlin"]
[Date "2016.07.18"]
[Round "3"]
[White "Johansson, Thomas1111"]
[Black "Kutschke, Jens"]
[Result "1-0"]
[WhiteElo "2222"]
[BlackElo "2002"]
[PlyCount "99"]
[EventDate "2016.07.16"]
[EventType "swiss"]
[EventRounds "9"]
[EventCountry "GER"]
[SourceTitle "CBM 173 Extra"]
[Source "ChessBase"]
[SourceDate "2016.08.29"]
[SourceVersion "1"]
[SourceVersionDate "2016.08.29"]
[SourceQuality "1"]

1. Nf3 Nf6 2. c4 g6 3. Nc3 d5 4. cxd5 Nxd5 5. Qa4+ Bd7 6. Qb3 Nb6 7. d4 Bg7 8. Bg5 h6 9. Bh4 0-0 10. e3 Be6 11. Qc2 c5 12. Rd1 Nd5 13. dxc5 Qa5 14. Nd4 Nc6 15. Be2 g5 16. Bg3 Ndb4 17. Qd2 Nxd4 18. exd4 Bxd4 19. a3 Nc6 20. b4 Qd8 21. Nb5 Bg7 22. Qc1 Qc8 23. 0-0 f5 24. f3 f4 25. Bf2 a5 26. Bc4 Bf7 27. Bxf7+ Rxf7 28. Qc4 axb4 29. axb4 Ra4 30. Rb1 g4 31. Kh1 gxf3 32. gxf3 Qh3 33. Bg1 Kf8 34. Nc7 Rf6 35. Nd5 Rf7 36. Nxf4 Qf5 37. Ne6+ Kg8 38. Nxg7 Kxg7 39. Qc3+ Kh7 40. b5 Ne5 41. c6 bxc6 42. b6 Ra2 43. b7 Nd7 44. b8Q Nxb8 45. Rxb8 Rg7 46. Rb2 Rxb2 47. Qxb2 Qg5 48. Qe2 c5 49. Be3 Qf5 50. Rc1 1-0

[Event "Berlin Eckbauer op 18th"]
[Site "Berlin"]
[Date "2015.11.23"]
[Round "7"]
[White "Kutschke, Jens"]
[Black "Von Herman, Ulf"]
[Result "1/2-1/2"]
[WhiteElo "2005"]
[BlackElo "2364"]
[PlyCount "27"]
[EventDate "2015.10.05"]
[EventType "swiss"]
[EventRounds "7"]
[EventCountry "GER"]
[SourceTitle "EXT 2022"]
[Source "ChessBase"]
[SourceDate "2021.10.06"]
[SourceVersion "1"]
[SourceVersionDate "2021.10.06"]
[SourceQuality "1"]

1. e4 d6 2. d4 Nf6 3. Bd3 e5 4. c3 Nc6 5. Ne2 d5 6. exd5 Qxd5 7. 0-0 exd4 8. Nxd4 Nxd4 9. cxd4 Be7 10. Re1 Qd8 11. Nc3 0-0 12. Bg5 c6 13. Bc2 Be6 14. Qd3 1/2-1/2

[Event "Berlin Lichtenberger op 14th"]
[Site "Berlin"]
[Date "2015.08.22"]
[Round "8"]
[White "Kutschke, Jens"]
[Black "Alvarez, Leonardo"]
[Result "1-0"]
[WhiteElo "1975"]
[BlackElo "1853"]
[PlyCount "31"]
[EventDate "2015.08.15"]
[EventType "swiss"]
[EventRounds "9"]
[EventCountry "GER"]
[SourceTitle "EXT 2016"]
[Source "ChessBase"]
[SourceDate "2015.10.08"]
[SourceVersion "1"]
[SourceVersionDate "2015.10.08"]
[SourceQuality "1"]

1. e4 d5 2. exd5 Qxd5 3. Nc3 Qa5 4. d4 Nf6 5. Nf3 Bg4 6. Be2 Nbd7 7. 0-0 e6 8. Bf4 Be7 9. Nb5 Bd8 10. c4 0-0 11. a3 c5 12. dxc5 Be7 13. b4 Qd8 14. Bc7 Qc8 15. Bd6 Re8 16. Nc7 1-0

[Event "Berlin Kreuzberg op"]
[Site "Berlin"]
[Date "2015.07.15"]
[Round "5"]
[White "Von Herman, Ulf"]
[Black "Kutschke, Jens"]
[Result "1-0"]
[WhiteElo "2375"]
[BlackElo "1994"]
[PlyCount "61"]
[EventDate "2015.07.11"]
[EventType "swiss"]
[EventRounds "9"]
[EventCountry "GER"]
[SourceTitle "CBM 167 Extra"]
[Source "ChessBase"]
[SourceDate "2015.09.14"]
[SourceVersion "1"]
[SourceVersionDate "2015.09.14"]
[SourceQuality "1"]

1. c4 Nf6 2. Nc3 g6 3. e4 d6 4. d4 Bg7 5. h3 0-0 6. Bg5 h6 7. Be3 e5 8. d5 Nbd7 9. Bd3 Kh7 10. Nf3 Ng8 11. g4 Nc5 12. Bc2 f5 13. exf5 gxf5 14. gxf5 e4 15. Nd4 Bxd4 16. Qxd4 Nd3+ 17. Ke2 Bxf5 18. Nxe4 Ne5 19. Rag1 Qh4 20. Rg3 Qh5+ 21. f3 Bg6 22. Rf1 Ne7 23. Qc3 Nf5 24. Rg4 Qxh3 25. Rgg1 Qh2+ 26. Kd1 Nxc4 27. Bf2 b5 28. Ng5+ Kg8 29. Ne6 Nce3+ 30. Kc1 Nxc2 31. Rxg6+ 1-0

[Event "Berlin Kreuzberg op"]
[Site "Berlin"]
[Date "2015.07.14"]
[Round "4"]
[White "Kutschke, Jens"]
[Black "Dimitrijeski, Kristian"]
[Result "1-0"]
[WhiteElo "1994"]
[BlackElo "2179"]
[PlyCount "113"]
[EventDate "2015.07.11"]
[EventType "swiss"]
[EventRounds "9"]
[EventCountry "GER"]
[SourceTitle "CBM 167 Extra"]
[Source "ChessBase"]
[SourceDate "2015.09.14"]
[SourceVersion "1"]
[SourceVersionDate "2015.09.14"]
[SourceQuality "1"]

1. e4 e5 2. Nf3 Nc6 3. Bc4 Bc5 4. c3 Nf6 5. d4 exd4 6. cxd4 Bb4+ 7. Bd2 Bxd2+ 8. Nbxd2 d5 9. exd5 Nxd5 10. Qb3 Nce7 11. 0-0 0-0 12. Ne5 c6 13. a4 Qb6 14. Bxd5 Nxd5 15. Qxb6 axb6 16. Ne4 f6 17. Nc4 Bf5 18. Ned6 Bd3 19. Rfc1 Bxc4 20. Nxc4 Rfd8 21. Kf1 Ra6 22. Rd1 Nb4 23. Ne3 Nd5 24. g3 Kf7 25. b3 Nc3 26. Rd3 Nd5 27. Rad1 Raa8 28. Ke2 Rd7 29. Nxd5 Rxd5 30. Kd2 b5 31. axb5 Rxb5 32. Kc3 Rd5 33. R1d2 Ra1 34. h4 Rc1+ 35. Kb2 Re1 36. Kc3 f5 37. Re3 Rxe3+ 38. fxe3 Ke6 39. Rg2 Ra5 40. g4 g6 41. gxf5+ Rxf5 42. Rg4 Rf3 43. Kd3 Kf6 44. Ke4 Rh3 45. b4 Ke6 46. Rf4 Rh2 47. Kd3 Rg2 48. Kc4 Rg3 49. e4 g5 50. hxg5 Rxg5 51. e5 Rg7 52. Rf6+ Kd7 53. b5 Kc7 54. bxc6 bxc6 55. Kc5 Rg8 56. Rf7+ Kd8 57. Rxh7 1-0